| 000 | 00000cas 2200000zi 4500 |
| 001 | 9.958224 |
| 003 | CaOODSP |
| 005 | 20260128101150 |
| 006 | m o d f |
| 007 | cr cn |||||||| |
| 008 | 251212c20229999oncar p o f0 b0fre|d |
| 020 | |z9780660465951 |
| 022 | |a2819-8166 |
| 040 | |aCaOODSP|bfre|erda|cCaOODSP |
| 043 | |an-cn--- |
| 086 | 1 |aBT1-77F-PDF|zBT48-33/2022F-PDF |
| 222 | 0|aAmbition numérique du Canada ... |
| 245 | 00|aAmbition numérique du Canada ... |
| 246 | 34|aAmbition numérique du gouvernement du Canada |
| 264 | 1|a[Ottawa] : |bSecrétariat du Conseil du trésor du Canada = Treasury Board of Canada Secretariat, |c[2022]- |
| 310 | |aAnnuel |
| 336 | |atexte|btxt|2rdacontent/fre |
| 337 | |ainformatique|bc|2rdamedia/fre |
| 338 | |aressource en ligne|bcr|2rdacarrier/fre |
| 362 | 1 |aParaît depuis : 2022. |
| 500 | |aPublié aussi en anglais sous le titre : Canada's digital ambition ... |
| 588 | |aDescription d'après : 2022. |
| 588 | |aDernière livraison consultée : 2022. |
| 650 | 6|aGouvernement ouvert|zCanada|vPériodiques. |
| 650 | 6|aServices Web|xPolitique gouvernementale|zCanada|vPériodiques. |
| 650 | 6|aSites Web gouvernementaux|zCanada|vPériodiques. |
| 655 | 7|aPériodiques|2rvmgf |
| 710 | 1 |aCanada. |bConseil du trésor, |eorganisme de publication. |
| 775 | 08|tCanada's digital ambition ...|w(CaOODSP)9.958225 |